Ingleses, franceses, españoles
Guardado en:
| Autor principal: | |
|---|---|
| Formato: | Libro |
| Lenguaje: | español |
| Publicado: |
Buenos Aires
Losada
1942
|
| Colección: | Biblioteca Contemporánea, 91
|
| Materias: | |
| Etiquetas: |
Agregar Etiqueta
Sin Etiquetas, Sea el primero en etiquetar este registro!
|
MARC
| LEADER | 00000nam a2200000 a 4500 | ||
|---|---|---|---|
| 001 | UCY9814 | ||
| 003 | CL-VaPUC | ||
| 008 | 950720e19420000AG |||||||||||||||||spa|d | ||
| 082 | 0 | 4 | |a 864 |b MAD |2 21 |
| 100 | |a Madariaga, Salvador de |e autor |9 579873 | ||
| 245 | 1 | 0 | |a Ingleses, franceses, españoles |
| 300 | |a 251 p | ||
| 942 | |c BK | ||
| 945 | |d 19950720 00:00:00 |a rbrito | ||
| 260 | |a Buenos Aires |b Losada |c 1942 | ||
| 650 | 0 | |a Ensayos españoles |9 313128 | |
| 583 | |a last modification |c 19950720 00:00:00 |k Rodrigo Vera | ||
| 490 | 0 | |a Biblioteca Contemporánea, 91 | |
| 999 | |c 236850 |d 236848 | ||
| 952 | |0 0 |1 0 |4 0 |6 864_000000000000000_MAD_1942 |7 0 |8 A |9 245194 |a BIBEDU |b BIBEDU |d 2019-11-18 |i 3102130 |o 864 MAD 1942 |p 3102130 |r 2019-11-18 |w 2019-11-18 |y BK |k LIT | ||
| 952 | |0 0 |1 0 |4 0 |6 864_000000000000000_MAD_1942 |7 0 |8 A |9 245195 |a FDOPOS |b FDOPOS |d 2019-11-18 |i 1474715 |o 864 MAD 1942 |p 1474715 |r 2025-01-22 |w 2019-11-18 |y BK |k MLH | ||